000 00284nam a2200121 a 4500
005 20141022142005.0
008 080922s19uu xx 00 eng d
050 _aVCD
_bF44 2002
245 _aFiddler on the roof.
650 _aVCD.
650 _aFiddler on the roof.
942 _cAVM
999 _c276444
_d276444